| 000 | 00399nam a22001457a 4500 | ||
|---|---|---|---|
| 020 | _a1-55615-125-X | ||
| 082 | _a005.133-QB HER'M | ||
| 100 |
_aHERGERT, DOUGLAS _961084 |
||
| 245 | _aMIROSOFT QUICK BASIC | ||
| 250 | _a2ND | ||
| 260 |
_aWASHINGTON _bMICROSOFT _c1988 |
||
| 300 | _a449P | ||
| 650 |
_aBASIC - COMPUTER PROGRAM LANGUAGE MICROSOFT QUICK BASIC - COMPUTER PROGRAM _967417 |
||
| 942 | _cBK | ||
| 999 |
_c575205 _d575205 |
||